Trendy rozvoje informačních činností : Sborník prací

Salvato in:
Dettagli Bibliografici
Natura: Libro
Lingua:ceco
Pubblicazione: Praha : ÚVTEI, 1981
Tags: Aggiungi Tag
Nessun Tag, puoi essere il primo ad aggiungerne!!

MARC

LEADER 00000nam a22000003a 4500
001 stu43593
005 20150408175836.0
008 941116s1981----cs------------------cze-d
040 |a STU  |b slo 
041 0 |a cze 
044 |a cs 
245 |a Trendy rozvoje informačních činností :  |b Sborník prací 
260 |a Praha :  |b ÚVTEI,  |c 1981 
300 |a 157 s 
996 |b 284M034886  |c M*2527-1  |l MMKN  |s A  |a 24  |w stu43593_0001